000 01203cam a22002891i 4500
003 SA-RiAUC
005 20241109111807.0
008 241031s2002 le g 000 0cara c
020 _a2745136828
040 _aIQ-KaIHL
_bara
_cSA-RiAUC.
_erda
050 4 _b. S9 2002
050 1 4 _b.S976 2002
082 0 4 _a922.58
_qSA-RiAUC
090 _a922.58
_bس و س
100 1 _aالسوسي، أبو الطيب مولود السريري،
_d1963-
_eمؤلف.
245 1 0 _aمعجم الأصوليين :
_bيحتوي على علماء أصول الفقه وأصحاب الآراء فيه والمؤلفين فيه /
_cتأليف أبي الطيب مولود السريري السوسي.
250 _aالطبعة الأولى.
264 1 _aبيروت :
_bدار الكتب العلمية،
_c2002
300 _a600 صفحة ؛
_c24 سم
336 _aنص
_btxt
_2rdacontent
_3كتاب
337 _aبدون وسيط
_bn
_2rdamedia
338 _aمجلد
_bnc
_2rdacarrier
650 7 _aالفقهاء
_vتراجم
_vمعاجم
_2aucsh
650 7 _aأصول الفقه الإسلامي
_vتراجم
_vمعاجم
_2aucsh
942 _2ddc
_cBOOK
_n0
949 _aSA-JeALM
_d241031
_umohamedma123
_n1
999 _c2206
_d2206